书目信息 |
| 题名: |
稳定同位素地球化学
|
|
| 作者: | 郑永飞 编著 | |
| 分册: | ||
| 出版信息: | 北京 科学出版社 2000.08 |
|
| 页数: | 316页 | |
| 开本: | 16开 | |
| 丛书名: | ||
| 单 册: | ||
| 中图分类: | P597.2 | |
| 科图分类: | ||
| 主题词: | 地球化学 | |
| 电子资源: | ||
| ISBN: | 7-03-008202-8 | |
| 000 | 00569nam0 2200193 45 | |
| 001 | 0010030381 | |
| 005 | 20001003031615.4 | |
| 010 | @a7-03-008202-8@d38.00元 | |
| 100 | @a20001003d2000 km y0chiy0120 ea | |
| 101 | 0 | @achi |
| 105 | @a z 000yy | |
| 200 | 1 | @a稳定同位素地球化学@AWen Ding Tong Wei Su Di Qiu Hua Xue@f郑永飞等编著@FZheng Yong Fei Deng Bian Zhu |
| 210 | @a北京@c科学出版社@d2000.08 | |
| 215 | @a316页@d16开 | |
| 606 | 0 | @a地球化学 |
| 690 | @aP597.2@v3 | |
| 701 | 0 | @a郑永飞@4编著 |
| 801 | @aCN@bPftUser@c20001003 | |
| 905 | @b412975-977@dP597.2@eZH257@f3 | |
| 稳定同位素地球化学/郑永飞等编著.-北京:科学出版社,2000.08 |
| 316页;16开 |
| ISBN 7-03-008202-8:38.00元 |
| ● |
| 相关链接 |
|
|
|
正题名:稳定同位素地球化学
索取号:P597.2/ZH257
 
预约/预借
| 序号 | 登录号 | 条形码 | 馆藏地/架位号 | 状态 | 备注 |
| 1 | 412975 | 204129754 | 自科库401/401自科库 130排1列3层/ [索取号:P597.2/ZH257] | 在馆 | |
| 2 | 412976 | 204129763 | 期刊室512/401自科库 124排2列6层/ [索取号:P597.2/ZH257] | 在馆 | |
| 3 | 412977 | 204129772 | 期刊室512/401自科库 124排2列6层/ [索取号:P597.2/ZH257] | 在馆 |